| 000 | 01314cam a22003617a 4500 | ||
|---|---|---|---|
| 003 | CHAP | ||
| 005 | 20220329135622.0 | ||
| 008 | 971013s1980 r 00010 d | ||
| 010 | _a39411 | ||
| 011 | _a40383 | ||
| 035 | _a44508 | ||
| 040 | _cCHAP | ||
| 090 | _aTesis | ||
| 100 | 0 | 0 |
_aFigueroa Quiñonez, Laureano. _940829 |
| 245 | 0 | _aControl del virus del mosaico de la sandía en calabacita (Cucurbita pepo L.) var. zucchini en el área de Texcoco Edo. de Méx. | |
| 260 |
_aChapingo, Méx. : _bEl autor, _c1980 |
||
| 300 |
_a58 h. _b: ilus. ; gráfs. |
||
| 502 | _aTesis (M. en C. Esp. en Fitopatología) -- CP. Centro de Fitopatología | ||
| 590 |
_aALEPH _b10 _c20130110 _lUCH01 _h1307 |
||
| 590 |
_aBATCH-UPD _b10 _c20130110 _lUCH01 _h0257 |
||
| 590 |
_aBATCH-UPD _b10 _c20130110 _lUCH01 _h1950 |
||
| 590 |
_aBATCH-UPD _b10 _c20130409 _lUCH01 _h2328 |
||
| 590 |
_aBATCH-UPD _b10 _c20130410 _lUCH01 _h1538 |
||
| 590 |
_aBATCH-UPD _b10 _c20130914 _lUCH01 _h0813 |
||
| 590 |
_aCONVERSION _b10 _c20130109 _lUCH01 _h1322 |
||
| 650 | 1 | 4 |
_aCalabaza _xEnfermedades. _917269 |
| 650 | 1 | 4 |
_aVirus del mosaico de la sandía. _9119957 |
| 901 | _aBK | ||
| 942 | _cFOLL | ||
| 949 |
_bBC _cTES _d-101903 _eTS1 _i44508 _si |
||
| 949 |
_bBC _cTES _d-101904 _eTS2 _fc.2 _i44508 _si |
||
| 949 |
_bBC _cTES _d33724000987376 _eTS2 _fc.3 _i44508 _si |
||
| 999 |
_c39411 _d39411 |
||